Responses for Show #6342 - Tuesday, March 27, 2012

Contestants

[<< previous game]

Chuck Ettelson, a plastic surgeon from St. Louis, Missouri

Beau Henson, a test prep teacher and actor originally from Mt. Carmel, Illinois

Margie Cohen, a litigator from Houston, Texas (whose 1-day cash winnings total $6,199)

[next game >>]

Jeopardy! Round responses

2010s TV
QUOTATIONS
ADLER-TIZING
GRAPHIC DESIGN
ANIMALS IN CHILDREN'S BOOKS
DOUBLE M
    $200 19
Gordon Ramsay

Margie
    $200 1
John F. Kennedy

Chuck
    $200 6
the remote control

Margie
    $200 11
crop

Chuck
    $200 14
a cat

Beau
    $200 24
flammable

Beau
    $400 20
Inside the Actors Studio

Beau
    $1,000 2
Queen Victoria

Chuck
    $400 7
the harmonica

Margie
    $400 12
(Beau: What is d?)

b

BeauChuck
    $400 15
a pig

Beau
    $400 25
commas

Beau
    $600 21
The Walking Dead

Chuck
    $600 3
"Say it ain't so"

Chuck
    $600 8
inferiority

Margie
    $600 13
justify

Margie
    $600 16
elephant

Chuck
    $600 26
rummage

Beau
    $800 22
(Chuck: What is [*], my favorite.)
(Alex: Yeah, great series, isn't it?)

Breaking Bad

Chuck
    $800 4
General MacArthur

Chuck
    $800 9
Stella Adler

Chuck
    $800 17
an X-ACTO knife

Beau
    $800 29
a bear

Margie
    $800 27
asymmetrical

Beau
    $1000 23
(Alex: That's another great series.)

Abbey

Chuck
    $1000 5
(Alex: You ran the category. Well done.)
[Applause for Chuck's run of the category]

John Foster Dulles

Chuck
    $1000 10
[Chuck left the "the" out of his response.]

Great Books of the Western World

Chuck
    $1000 18
(Alex: Oh, you're all familiar with the term--what is [*]?)

a swatch

Triple Stumper
    $1000 30
(Chuck: What is a "Weimariner"?)
...
(Alex: Not a Weimaraner, but a [*].)

Rottweiler

Chuck
Triple Stumper
    $1000 28
a Pommel horse

Beau

Scores at the first commercial break (after clue 15):

Margie Beau Chuck
$1,800 $200 $6,000

Scores at the end of the Jeopardy! Round:

Margie Beau Chuck
$2,800 $4,400 $8,000

Double Jeopardy! Round responses

19th CENTURY AMERICAN HISTORY
A MOVIE & A MEAL
MILITARY NICKNAMES & SLANG
5-SYLLABLE WORDS
"P"SYCHOLOGY
SPRING AWAKENING
    $400 26
Pocahontas

Chuck
    $400 21
The Breakfast Club

Beau
    $400 6
wash out

Chuck
    $400 13
the House of Representatives

Chuck
    $400 1
a psychosis

Beau
    $400 8
vernal

Beau
    $800 25
(Margie: What is Canada?)

Russia

Margie
Triple Stumper
    $800 22
Guess Who's Coming to Dinner

Chuck
    $800 7
(Chuck: What are wings?)

eagles

MargieChuck
    $800 16
[Alex counts off the syllables on his fingers after nobody rings in.]

a reformatory

Triple Stumper
    $800 2
post-traumatic stress disorder

Beau
    $800 9
the robin

Chuck
    $2,000 27
martial law

Chuck
    $1200 23
Naked Lunch

Chuck
    $1200 10
(Beau: What's a birdie?)

a bogey

MargieBeau
    $1200 17
(Beau: What is consumerism?)

commercialism

MargieBeau
    $1200 3
projection

Chuck
    $1200 11
Easter

Beau
    $1600 29
the Australian or secret ballot

Triple Stumper
    $1600 24
(Chuck: What is Breakfast at Tiffany's?)

Picnic

Chuck
Triple Stumper
    $1600 14
the Big Red One

Chuck
    $3,000 18
(Alex: Margie... you have exactly 50% of Chuck's total... Exactly 50% of Chuck's total.)
(Margie: [Laughing] I get it, but, uh $3,000.)

multinational

Margie
    $1600 4
perception

Beau
    $1600 12
(Chuck: What is daisy?)

jasmine

Chuck
Triple Stumper
    $2000 28
Stephen Decatur

Triple Stumper
    $2000 30
My Dinner with Andre

Chuck
    $2000 15
friendly fire

Beau
    $2000 19
discretionary

Beau
    $2000 5
persona

Chuck
    $2000 20
a whale

Chuck

Scores at the end of the Double Jeopardy! Round:

Margie Beau Chuck
$8,200 $10,800 $18,800

[wagering suggestions for these scores]

Final Jeopardy! Round responses

20th CENTURY NOVELS
MargieWhat is Farenheit 451?
$2,601
BeauWhat is Fahrenheit 451?
$5,201
ChuckWhat is The Tin Drum?
$3,000
Fahrenheit 451 (by Ray Bradbury)

Final scores:

Margie Beau Chuck
$10,801 $16,001 $15,800
3rd place: $1,000 New champion: $16,001 2nd place: $2,000

Game dynamics:

Coryat scores:

Margie Beau Chuck
$6,800 $10,800 $17,400
10 R
(including 1 DD),
1 W
17 R,
3 W
25 R
(including 2 DDs),
4 W

Combined Coryat: $35,000

[game clues] [game scores] [suggest correction]

Game tape date: 2011-12-07
The J! Archive is created by fans, for fans. Scraping, republication, monetization, and malicious use prohibited; this site may use cookies and collect identifying information. See terms. The Jeopardy! game show and all elements thereof, including but not limited to copyright and trademark thereto, are the property of Jeopardy Productions, Inc. and are protected under law. This website is not affiliated with, sponsored by, or operated by Jeopardy Productions, Inc. Join the discussion at JBoard.tv.